| 000 | 01002 a2200277 4500 | ||
|---|---|---|---|
| 999 |
_c11228 _d11228 |
||
| 020 | _a9781567933581 | ||
| 020 | _a1567933580 | ||
| 050 | 0 | 0 |
_aRA971 _bDUN 2010 |
| 100 | 1 |
_aDunn, Rose. _eauthor |
|
| 245 | 1 | 0 |
_aDunn & Haimann's healthcare management / _cRose T. Dunn. |
| 250 | _anineth edition | ||
| 264 |
_aChicago: _bHAP, _c2010 |
||
| 300 |
_axvii, 733 pages _billustrations |
||
| 336 |
_2rdacontent _atext _btxt |
||
| 337 |
_2rdamedia _aunmediated _bn |
||
| 338 |
_2rdacarrier _avolume _bnc |
||
| 500 | _aRev. ed. of: Haimann's heathcare management / Rose T. Dunn. | ||
| 504 | _aIncludes bibliographical references and index. | ||
| 650 | 0 |
_aHealth facilities _xAdministration. |
|
| 650 | 1 | 2 |
_aHealth Facilities _xorganization & administration. |
| 650 | 2 | 2 | _aPersonnel Management. |
| 700 | 1 | _aHaimann, Theo. | |
| 700 | 1 |
_aDunn, Rose. _tHaimann's heathcare management. |
|
| 942 |
_2lcc _cBK _enineth edition _h971 _iDUN _kRA |
||